000 00684nam a2200289Ia 4500
005 20260324142532.0
008 008 260324s9999 xx 000 0 eng d
020 _a9781315827469
037 _aEBOOK
040 _aCRL
040 _beng
040 _cCRL
041 _2eng
041 _aeng
084 _qCRL
100 _aAlan Booth; Judy Dunn; Judith F. Dunn
_91212303
245 0 _aStepfamilies
245 0 _bWho Benefits? Who Does Not?
260 _bTaylor and Francis
260 _c1994
365 _a
365 _b59.99
856 _uhttp://www.taylorfrancis.com/books/9781315827469
942 _cEBOOK
999 _c1816614
_d1816614